[Event "Mechanics' Spring TNM; 30/90, SD/30"]
[Site "San Francisco"]
[Date "2010.05.04"]
[Round "8.8"]
[White "Leavens, Weston"]
[Black "Todortsev, Victor"]
[Result "1-0"]
[WhiteElo "1836"]
[BlackElo "1918"]
[PlyCount "63"]
[EventDate "2010.??.??"]

1. e4 e5 2. Nf3 Nc6 3. d4 exd4 4. Nxd4 Nf6 5. Nxc6 bxc6 6. Bd3 d6 7. O-O Be7 8.
Nc3 O-O 9. Be3 Ng4 10. Bf4 Bf6 11. Qd2 Ne5 12. Be2 Rb8 13. b3 Qe7 14. Rad1 Ng6
15. Be3 a5 16. f3 Re8 17. Na4 Ra8 18. Bc4 Ne5 19. Be2 Bd7 20. Bd4 c5 21. Nxc5
Bc6 22. Bxe5 Bxe5 23. Nd3 Bd4+ 24. Nf2 Bb6 25. Bc4 Rad8 26. Kh1 Qh4 27. g3 Qh5
28. Ng4 Bd7 29. Qf4 Re7 30. Rd5 Qh3 31. Rg5 Be6 32. Qf6 1-0

[Event "Mechanics' Spring TNM; 30/90, SD/30"]
[Site "San Francisco"]
[Date "2010.04.06"]
[Round "4.5"]
[White "Lee, Andy"]
[Black "Beilin, Allan"]
[Result "1-0"]
[WhiteElo "2334"]
[BlackElo "1808"]
[PlyCount "73"]
[EventDate "2010.??.??"]

1. e4 e6 2. d4 d5 3. Nc3 dxe4 4. Nxe4 Nd7 5. Nf3 Ngf6 6. Ng3 c5 7. c3 Be7 8.
Bd3 O-O 9. O-O b6 10. Qe2 Bb7 11. Re1 Qc7 12. Ne5 Nxe5 13. dxe5 Qc6 14. f3 Nd7
15. Nh5 Rfd8 16. a4 g6 17. Ng3 Qc7 18. f4 Bf8 19. b3 Rac8 20. Bb2 Nb8 21. f5
exf5 22. e6 fxe6 23. Qxe6+ Qf7 24. Bc4 Qxe6 25. Bxe6+ Kh8 26. c4+ Bg7 27. Bxg7+
Kxg7 28. Bxc8 Bxc8 29. Re7+ Kg8 30. Rae1 Bd7 31. Rd1 h5 32. Rd6 Kf8 33. Rh7 Re8
34. Rxg6 Re6 35. Rh8+ Kf7 36. Rxe6 Bxe6 37. Rxb8 1-0

[Event "Mechanics' Spring TNM; 30/90, SD/30"]
[Site "San Francisco"]
[Date "2010.05.04"]
[Round "8.1"]
[White "Lee, Andy"]
[Black "Fuentes, Romulo"]
[Result "0-1"]
[WhiteElo "2334"]
[BlackElo "2201"]
[PlyCount "82"]
[EventDate "2010.??.??"]

1. e4 c5 2. Nf3 d6 3. d4 cxd4 4. Nxd4 Nf6 5. Nc3 a6 6. Bg5 e6 7. f4 Qb6 8. Qd3
Qxb2 9. Rb1 Qa3 10. f5 Nc6 11. fxe6 fxe6 12. Nxc6 bxc6 13. Bxf6 gxf6 14. Qf3
Be7 15. Qh5+ Kd8 16. Rb3 Qc1+ 17. Nd1 Qxc2 18. Qa5+ Ke8 19. Qa4 Rg8 20. Ne3
Qc1+ 21. Kf2 Bd7 22. Rb7 Rg5 23. Qb3 Qd2+ 24. Kf3 Rd8 25. Rxd7 Kxd7 26. Qb7+
Ke8 27. Bc4 Kf7 28. Rd1 Qc3 29. Qxc6 Qe5 30. g3 f5 31. exf5 Rxf5+ 32. Nxf5
Qxf5+ 33. Ke2 Qg4+ 34. Kd2 d5 35. Rf1+ Kg8 36. Bd3 Rb8 37. Kc2 Qd4 38. Qxe6+
Kh8 39. Rb1 Rxb1 40. Kxb1 Qxd3+ 41. Kb2 Ba3+ 0-1

[Event "Mechanics' Spring TNM; 30/90, SD/30"]
[Site "San Francisco"]
[Date "2010.04.27"]
[Round "7.2"]
[White "Lee, Andy"]
[Black "Manvelyan, Hayk"]
[Result "1-0"]
[WhiteElo "2334"]
[BlackElo "2094"]
[PlyCount "47"]
[EventDate "2010.??.??"]

1. e4 e6 2. d4 d5 3. Nc3 Bb4 4. e5 c5 5. Qg4 Ne7 6. dxc5 Bxc3+ 7. bxc3 Nf5 8.
Bd3 h5 9. Qf4 Nc6 10. Nf3 Qa5 11. O-O Qxc5 12. Rb1 b6 13. Rb5 Qe7 14. c4 dxc4
15. Qxc4 Bd7 16. Bg5 Qa3 17. Bxf5 exf5 18. Rd1 Ne7 19. Rxd7 Kxd7 20. e6+ fxe6
21. Ne5+ Ke8 22. Qxe6 Rh6 23. Qf7+ Kd8 24. Rd5+ 1-0

[Event "Mechanics' Spring TNM; 30/90, SD/30"]
[Site "San Francisco"]
[Date "2010.04.20"]
[Round "6.1"]
[White "Lee, Andy"]
[Black "Zavadsky, Peter"]
[Result "1-0"]
[WhiteElo "2334"]
[BlackElo "2258"]
[PlyCount "125"]
[EventDate "2010.??.??"]

1. e4 e5 2. Nf3 Nc6 3. Bb5 a6 4. Ba4 Nf6 5. O-O Be7 6. Re1 b5 7. Bb3 O-O 8. d4
d6 9. c3 Bg4 10. Be3 Qc8 11. Nbd2 Na5 12. Bc2 Nc4 13. Nxc4 bxc4 14. Qe2 Qb7 15.
dxe5 dxe5 16. Qxc4 Be6 17. Qa4 Ng4 18. b4 Nxe3 19. Rxe3 a5 20. b5 Bc5 21. Rd3
Qb6 22. Nxe5 Bxf2+ 23. Kh1 Qc5 24. Nd7 Bxd7 25. Rxd7 Qxc3 26. Rad1 Bb6 27. Bb3
Rae8 28. Bd5 Qe5 29. Qa3 Qf6 30. Qf3 Qxf3 31. gxf3 g6 32. Kg2 Kg7 33. f4 h6 34.
Kf3 g5 35. Bb3 gxf4 36. Kxf4 Kg6 37. e5 f6 38. e6 f5 39. R1d2 Kf6 40. Rh7 Re7
41. Rxh6+ Kg7 42. Rh3 Rf6 43. Rg3+ Rg6 44. Kxf5 Rxg3 45. hxg3 Bc5 46. Rd5 Bb4
47. Rd4 Bc3 48. Rc4 Bb2 49. Rc2 Bd4 50. Ke4 Bf6 51. Kd5 Ba1 52. Kc6 Be5 53. Rd2
Kf6 54. Rf2+ Kg7 55. Rf5 Bc3 56. g4 Be1 57. a3 Bg3 58. Rf3 Be5 59. Kd5 Bb2 60.
Bc4 Ba1 61. b6 cxb6 62. Kd6 Re8 63. Kd7 1-0

[Event "Mechanics' Spring TNM; 30/90, SD/30"]
[Site "San Francisco"]
[Date "2010.04.06"]
[Round "4.24"]
[White "Litowsky, Daniel"]
[Black "Capdeville, Barry"]
[Result "1-0"]
[WhiteElo "1700"]
[BlackElo "1146"]
[PlyCount "65"]
[EventDate "2010.??.??"]

1. e4 e5 2. Nc3 Nf6 3. Bc4 Nc6 4. a3 Nd4 5. Nf3 Nxf3+ 6. Qxf3 Be7 7. d3 O-O 8.
Be3 c6 9. h3 b5 10. Bb3 Bb7 11. O-O-O d5 12. exd5 cxd5 13. Bg5 Qc7 14. Bxf6 d4
15. Ne4 Bxe4 16. Qxe4 Bxf6 17. g4 g6 18. h4 Bg7 19. Rdf1 Kh8 20. Kb1 Rae8 21.
g5 f5 22. gxf6 Rxf6 23. f4 Rff8 24. f5 Rf6 25. fxg6 Rxg6 26. Bf7 Rc8 27. Rh2
Rc6 28. Bb3 Rf8 29. Rxf8+ Bxf8 30. Rf2 Bg7 31. Rf7 Qd6 32. Qg2 Rc7 33. Qxg7#
1-0

[Event "Mechanics' Spring TNM; 30/90, SD/30"]
[Site "San Francisco"]
[Date "2010.03.23"]
[Round "2.22"]
[White "Litowsky, Daniel"]
[Black "Cole, Tony"]
[Result "0-1"]
[WhiteElo "1700"]
[BlackElo "1364"]
[PlyCount "42"]
[EventDate "2010.??.??"]

1. e4 e5 2. Nc3 Nc6 3. Bc4 Nf6 4. a3 Bc5 5. h3 d6 6. Nf3 h6 7. d3 Bd7 8. Na4
Bb6 9. Nxb6 axb6 10. O-O Qe7 11. Be3 g5 12. c3 g4 13. hxg4 Bxg4 14. b4 O-O-O
15. a4 h5 16. Re1 d5 17. exd5 Nxd5 18. Qb3 Bxf3 19. gxf3 Qe6 20. d4 Qh3 21. Bg5
Rdg8 0-1

[Event "Mechanics' Spring TNM; 30/90, SD/30"]
[Site "San Francisco"]
[Date "2010.04.20"]
[Round "6.19"]
[White "Litowsky, Daniel"]
[Black "Rettenmaier, Robert"]
[Result "1-0"]
[WhiteElo "1700"]
[BlackElo "1637"]
[PlyCount "69"]
[EventDate "2010.??.??"]

1. e4 c5 2. Nc3 g6 3. Bc4 Bg7 4. Nf3 Nc6 5. a3 d6 6. O-O Bg4 7. h3 Bd7 8. d3
Nf6 9. Ne2 O-O 10. c3 Rc8 11. Ng3 Na5 12. Ba2 b5 13. Be3 Bc6 14. Nh2 Bb7 15. f4
d5 16. e5 Nd7 17. d4 a6 18. Ng4 cxd4 19. Bxd4 e6 20. Qd2 Nc5 21. Bxc5 Rxc5 22.
b4 Nc4 23. Bxc4 Rxc4 24. Ne3 Rc7 25. Rad1 f6 26. exf6 Qxf6 27. Ne2 Rfc8 28. Rc1
g5 29. f5 exf5 30. Rxf5 Qb6 31. Rxg5 Re8 32. Nd4 Qh6 33. Nef5 Qf6 34. Rf1 Rf7
35. Rxg7+ 1-0

[Event "Mechanics' Spring TNM; 30/90, SD/30"]
[Site "San Francisco"]
[Date "2010.03.16"]
[Round "1.14"]
[White "Liu, Daniel"]
[Black "Rosenstein, Perry"]
[Result "1-0"]
[WhiteElo "1973"]
[BlackElo "1529"]
[PlyCount "55"]
[EventDate "2010.??.??"]

1. e4 c5 2. Nf3 d6 3. d4 cxd4 4. Nxd4 Nf6 5. Nc3 g6 6. Be3 Bg7 7. f3 O-O 8. Qd2
Bd7 9. O-O-O a6 10. Bc4 Nc6 11. h4 Rc8 12. Bb3 Na5 13. g4 Nxb3+ 14. axb3 Qa5
15. Kb1 h5 16. gxh5 Nxh5 17. Nd5 Qxd2 18. Nxe7+ Kh8 19. Rxd2 Rce8 20. Nd5 f5
21. exf5 Bxf5 22. Bg5 Bxd4 23. Rxd4 Re2 24. Ne3 Rc8 25. Rc1 Rf2 26. Nxf5 gxf5
27. Rxd6 Rxf3 28. Rh6+ 1-0

[Event "Mechanics' Spring TNM; 30/90, SD/30"]
[Site "San Francisco"]
[Date "2010.03.30"]
[Round "3.11"]
[White "Liu, Daniel"]
[Black "Standen, Julian"]
[Result "1-0"]
[WhiteElo "1973"]
[BlackElo "1714"]
[PlyCount "39"]
[EventDate "2010.??.??"]

1. e4 c6 2. d4 d5 3. exd5 cxd5 4. Bd3 Nf6 5. c3 e6 6. Bf4 Bd6 7. Bxd6 Qxd6 8.
Nf3 Nc6 9. O-O O-O 10. Qe2 Bd7 11. Nbd2 Rac8 12. Ne5 Rc7 13. f4 Bc8 14. g4 Nd7
15. g5 Ndxe5 16. fxe5 Qe7 17. Qh5 g6 18. Qh4 Kg7 19. Qh6+ Kg8 20. Rf3 1-0

[Event "Mechanics' Spring TNM; 30/90, SD/30"]
[Site "San Francisco"]
[Date "2010.05.04"]
[Round "8.4"]
[White "Liu, Daniel"]
[Black "Thornally, Frank"]
[Result "1/2-1/2"]
[WhiteElo "1973"]
[BlackElo "2208"]
[PlyCount "44"]
[EventDate "2010.??.??"]

1. e4 e5 2. Nf3 Nc6 3. Bb5 a6 4. Ba4 Nf6 5. O-O Be7 6. Re1 b5 7. Bb3 d6 8. c3
O-O 9. h3 Nd7 10. d4 Bf6 11. d5 Ne7 12. Be3 Bb7 13. Nbd2 c6 14. dxc6 Bxc6 15.
Bg5 h6 16. Bxf6 Nxf6 17. a4 Qb6 18. axb5 axb5 19. Qc2 Rxa1 20. Rxa1 Ng6 21. Qd3
Rd8 22. Bc2 Qb7 1/2-1/2

[Event "Mechanics' Spring TNM; 30/90, SD/30"]
[Site "San Francisco"]
[Date "2010.04.20"]
[Round "6.8"]
[White "Liu, Daniel"]
[Black "Todortsev, Victor"]
[Result "1-0"]
[WhiteElo "1973"]
[BlackElo "1918"]
[PlyCount "62"]
[EventDate "2010.??.??"]

1. e4 e5 2. Nf3 Nc6 3. Bb5 Bc5 4. O-O d6 5. c3 Bb6 6. d4 exd4 7. cxd4 Bd7 8.
Nc3 a6 9. Ba4 Nf6 10. Bg5 h6 11. Bh4 g5 12. Bg3 Qe7 13. e5 dxe5 14. dxe5 Nh5
15. Nd5 Qe6 16. Bb3 Qf5 17. Nxb6 cxb6 18. Nd4 Qg4 19. e6 Bxe6 20. Nxe6 Qxd1 21.
Nc7+ Kf8 22. Rfxd1 Rc8 23. Rd7 Rh7 24. Bd6+ Kg8 25. Nd5 b5 26. g4 Nf4 27. Bxf4
gxf4 28. Nf6+ Kh8 29. Nxh7 Kxh7 30. Rxf7+ Kg6 31. Rxf4 Ne5 1-0

[Event "Mechanics' Spring TNM; 30/90, SD/30"]
[Site "San Francisco"]
[Date "2010.04.27"]
[Round "7.20"]
[White "MacIntyre, Brendan"]
[Black "Frank, Robert"]
[Result "1-0"]
[WhiteElo "1670"]
[BlackElo "1212"]
[PlyCount "59"]
[EventDate "2010.??.??"]

1. d4 Nf6 2. c4 e6 3. Nc3 Bb4 4. e3 d5 5. Nf3 Ne4 6. Qc2 O-O 7. Bd3 Bxc3+ 8.
bxc3 f5 9. O-O Nd7 10. Ba3 c5 11. cxd5 exd5 12. c4 Qa5 13. Bb2 Ndf6 14. cxd5
cxd4 15. Bxd4 Nd6 16. Bc5 Rd8 17. Nd4 Nde4 18. Be7 Rxd5 19. Bc4 Qc7 20. Bxf6
Nxf6 21. Rfc1 Qd8 22. Nxf5 Be6 23. Bxd5 Bxd5 24. Rd1 Qf8 25. Qc7 Re8 26. Rd4 g6
27. Qg3 Nh5 28. Qg5 Qxf5 29. Rxd5 Rf8 30. Rxf5 1-0

[Event "Mechanics' Spring TNM; 30/90, SD/30"]
[Site "San Francisco"]
[Date "2010.04.06"]
[Round "4.21"]
[White "MacIntyre, Brendan"]
[Black "Montoya, Daniel"]
[Result "1/2-1/2"]
[WhiteElo "1670"]
[BlackElo "1409"]
[PlyCount "67"]
[EventDate "2010.??.??"]

1. d4 d5 2. c4 dxc4 3. Nc3 a6 4. g3 Nc6 5. Bg2 Qxd4 $4 6. Be3 $4 Qxd1+ 7. Rxd1
Bd7 8. Nf3 e6 9. O-O Bd6 10. Ne4 Ke7 11. a3 Nf6 12. Nc5 Rab8 13. Nxd7 Nxd7 14.
Nd2 Na5 15. Ne4 b5 16. Bd4 Be5 17. Bxe5 Nxe5 18. Nc5 Rbd8 19. Nxa6 Rxd1 20.
Rxd1 Rd8 21. Rxd8 Kxd8 22. Nc5 Nd7 23. Ne4 c5 24. Kf1 h6 25. Ke1 Kc7 26. Kd2 f5
27. Nc3 b4 28. axb4 cxb4 29. Nb5+ Kb6 30. Nd4 Nc5 31. g4 g6 32. gxf5 exf5 33.
Bd5 f4 34. Kc1 1/2-1/2

[Event "Mechanics' Spring TNM; 30/90, SD/30"]
[Site "San Francisco"]
[Date "2010.04.13"]
[Round "5.20"]
[White "MacIntyre, Brendan"]
[Black "Yamamoto, Craig"]
[Result "1/2-1/2"]
[WhiteElo "1670"]
[BlackElo "1624"]
[PlyCount "72"]
[EventDate "2010.??.??"]

1. d4 d5 2. c4 e6 3. Nc3 c6 4. Nf3 Nf6 5. Bg5 Nbd7 6. e3 b6 7. cxd5 cxd5 8. Bd3
Be7 9. O-O O-O 10. Rc1 a6 11. Ne5 b5 12. Nc6 Qe8 13. Nxe7+ Qxe7 14. Qc2 Bb7 15.
Bxh7+ Kh8 16. Bd3 Rg8 17. f4 g6 18. Rf3 Rg7 19. e4 Qb4 20. Bh4 dxe4 21. Nxe4
Nxe4 22. Bxe4 Qxd4+ 23. Bf2 Qxe4 24. Qd2 f6 25. Bd4 Qd5 26. Qf2 Qf5 27. Rfc3
Qd5 28. Qh4+ Kg8 29. Qf2 e5 30. fxe5 Nxe5 31. R1c2 Rd8 32. Rd2 Qe4 33. Bxe5
Rxd2 34. Qxd2 Rf7 35. Re3 Qd5 36. Bc3 Qxd2 1/2-1/2

[Event "Mechanics' Spring TNM; 30/90, SD/30"]
[Site "San Francisco"]
[Date "2010.04.06"]
[Round "4.8"]
[White "Manvelyan, Hayk"]
[Black "Periwal, Prashant"]
[Result "1-0"]
[WhiteElo "2094"]
[BlackElo "1839"]
[PlyCount "73"]
[EventDate "2010.??.??"]

1. d4 d5 2. c4 Nf6 3. Nc3 Nc6 4. Nf3 e6 5. cxd5 Nxd5 6. e4 Nb6 7. Bd3 Be7 8.
O-O O-O 9. Be3 f5 10. exf5 exf5 11. d5 Nb4 12. Bxb6 axb6 13. Bc4 Kh8 14. Ne5
Bf6 15. f4 Qd6 16. Qe2 Qc5+ 17. Kh1 Nc2 18. Qxc2 Bxe5 19. Na4 Rxa4 20. Qxa4
Bxb2 21. Rae1 c6 22. dxc6 bxc6 23. Qb3 Bd4 24. Re2 b5 25. Bf7 b4 26. Rfe1 Bf2
27. Rf1 Bd4 28. Bc4 h6 29. Rc2 Bc3 30. a3 Rd8 31. Rb1 Qd4 32. axb4 Bd2 33. Rd1
Qxf4 34. Qa2 Qe4 35. Rcxd2 Rxd2 36. Qxd2 Qxc4 37. Qd8+ 1-0

[Event "Mechanics' Spring TNM; 30/90, SD/30"]
[Site "San Francisco"]
[Date "2010.03.23"]
[Round "2.8"]
[White "Manvelyan, Hayk"]
[Black "Todortsev, Victor"]
[Result "1-0"]
[WhiteElo "2094"]
[BlackElo "1918"]
[PlyCount "47"]
[EventDate "2010.??.??"]

1. d4 Nf6 2. c4 g6 3. Nc3 Bg7 4. e4 d6 5. Nf3 O-O 6. Be2 Nc6 7. O-O e5 8. dxe5
dxe5 9. Bg5 Nd4 10. Nxe5 Nxe2+ 11. Qxe2 Qe7 12. Nd3 h6 13. Nd5 Qd8 14. Nxf6+
Bxf6 15. Bxh6 Re8 16. Qf3 Qd4 17. Rfe1 Bh8 18. Rac1 b6 19. Nf4 c6 20. b3 Kh7
21. Bg5 f6 22. Bh4 g5 23. Qh5+ Kg8 24. Qxe8+ 1-0

[Event "Mechanics' Spring TNM; 30/90, SD/30"]
[Site "San Francisco"]
[Date "2010.04.20"]
[Round "6.3"]
[White "Manvelyan, Hayk"]
[Black "Wong, Russell"]
[Result "1-0"]
[WhiteElo "2094"]
[BlackElo "2200"]
[PlyCount "69"]
[EventDate "2010.??.??"]

1. e4 Nf6 2. Nc3 d5 3. e5 Nfd7 4. e6 fxe6 5. d4 Nf6 6. Bf4 g6 7. h4 c5 8. Nf3
c4 9. h5 Rg8 10. h6 Nc6 11. Qd2 Qa5 12. Ne5 Nxe5 13. dxe5 Nd7 14. Be2 b5 15.
Ne4 Qxd2+ 16. Nxd2 Nc5 17. Nf3 Ne4 18. Ng5 Nxg5 19. Bxg5 Bd7 20. O-O-O a5 21.
Rh3 b4 22. Rd4 Bc6 23. b3 c3 24. Kb1 Kd7 25. a3 Ra7 26. Rf3 Rb7 27. Rff4 Rh8
28. axb4 Bxh6 29. Bxh6 axb4 30. Rxb4 Ra7 31. Rf8 Rxf8 32. Bxf8 Ra8 33. Bh6 g5
34. Rg4 Rg8 35. Rxg5 1-0

[Event "Mechanics' Spring TNM; 30/90, SD/30"]
[Site "San Francisco"]
[Date "2010.04.06"]
[Round "4.13"]
[White "Manvelyan, Hovik"]
[Black "Dembling, Arthur"]
[Result "1-0"]
[WhiteElo "1959"]
[BlackElo "1726"]
[PlyCount "53"]
[EventDate "2010.??.??"]

1. d4 Nf6 2. c4 e6 3. Nc3 Bb4 4. f3 d5 5. a3 Bxc3+ 6. bxc3 O-O 7. Bg5 Nbd7 8.
e4 h6 9. Bxf6 Nxf6 10. Bd3 c5 11. e5 Nd7 12. Ne2 cxd4 13. cxd4 Qa5+ (13... dxc4
14. Bxc4 Nxe5 $1) 14. Kf2 Nb6 15. h4 dxc4 16. Bb1 Nd5 17. Qc2 g6 $2 (17... f5
$1 $15) 18. h5 $18 Ne7 19. hxg6 fxg6 20. Rxh6 Nf5 21. g4 Kg7 22. gxf5 Kxh6 23.
f6 Rxf6 24. exf6 Qh5 25. Qd2+ Kh7 26. Bxg6+ Qxg6 27. Rh1+ 1-0

[Event "Mechanics' Spring TNM; 30/90, SD/30"]
[Site "San Francisco"]
[Date "2010.05.04"]
[Round "8.6"]
[White "Manvelyan, Hovik"]
[Black "Klinetobe, David"]
[Result "1/2-1/2"]
[WhiteElo "1959"]
[BlackElo "2017"]
[PlyCount "110"]
[EventDate "2010.??.??"]

1. e4 c5 2. Nc3 Nc6 3. g3 g6 4. Bg2 Bg7 5. d3 d6 6. f4 e6 7. Nf3 Nge7 8. O-O
O-O 9. Rb1 Rb8 10. a3 b5 11. Bd2 b4 12. axb4 cxb4 13. Ne2 Qb6+ 14. Kh1 a5 15.
b3 Ba6 16. Bc1 Bb5 17. Bb2 Bxb2 18. Rxb2 d5 19. Ne5 Nxe5 20. fxe5 dxe4 21. Bxe4
Nc6 22. Ra2 Nxe5 23. Qa1 Ng4 24. Nd4 e5 25. Nxb5 Qxb5 26. Rxa5 Qb6 27. Ra6 Qe3
28. Qe1 Rbc8 29. Bc6 Rc7 30. Qxe3 Nxe3 31. Re1 Nxc2 32. Rxe5 Nd4 33. Bd5 Rc3
34. Bc4 Nxb3 35. Re7 Nd2 36. Rb6 Nxc4 37. dxc4 Rxc4 38. Reb7 Rd8 39. Rxb4 Rxb4
40. Rxb4 Rd2 41. Kg1 Kg7 42. Rf4 h5 43. h4 f6 44. Rf3 Kf7 45. Re3 f5 46. Re5
Kf6 47. Ra5 Re2 48. Kf1 Re5 49. Ra1 Re6 50. Ra5 g5 51. hxg5+ Kxg5 52. Kf2 Re4
53. Ra3 Rb4 54. Kf3 Rc4 55. Rb3 Ra4 1/2-1/2

[Event "Mechanics' Spring TNM; 30/90, SD/30"]
[Site "San Francisco"]
[Date "2010.04.27"]
[Round "7.9"]
[White "Manvelyan, Hovik"]
[Black "Woebcke, Carl"]
[Result "1-0"]
[WhiteElo "1959"]
[BlackElo "1748"]
[PlyCount "101"]
[EventDate "2010.??.??"]

1. d4 d5 2. c4 e6 3. Nc3 Nf6 4. Bg5 Be7 5. e3 O-O 6. cxd5 exd5 7. Qc2 c5 8. Nf3
Be6 9. Bd3 Nbd7 10. O-O h6 11. Bxf6 Bxf6 12. Bf5 Rc8 13. Rfd1 Qe7 14. Rac1 Rc6
15. Qb1 Rfc8 16. dxc5 Rxc5 17. Nd4 Nb6 18. Nce2 Qd7 19. Rxc5 Rxc5 20. b3 Qc8
21. Bd3 a6 22. Kf1 Qb8 23. h3 Qc8 24. Ke1 Nd7 25. f4 Nb6 26. Kd2 Rc7 27. Rc1
Be7 28. Rxc7 Qxc7 29. Qc1 Bb4+ 30. Kd1 Qe7 31. f5 Ba3 32. Qc2 Bc8 33. Kd2 Bb4+
34. Nc3 Qg5 35. g4 Qh4 36. a3 Qf2+ 37. Nde2 d4 38. axb4 Qxe3+ 39. Kd1 dxc3 40.
Qxc3 Qxh3 41. Qd4 Qh1+ 42. Kd2 Qc6 43. Qd8+ Kh7 44. f6+ g6 45. Nf4 Qd7 46. Qxb6
Qxg4 47. Qc7 Qd7 48. Qxd7 Bxd7 49. Bc4 Kg8 50. Nxg6 Be6 51. Bxe6 1-0

[Event "Mechanics' Spring TNM; 30/90, SD/30"]
[Site "San Francisco"]
[Date "2010.03.23"]
[Round "2.2"]
[White "Manvelyan, Hovik"]
[Black "Zavadsky, Peter"]
[Result "0-1"]
[WhiteElo "1959"]
[BlackElo "2258"]
[PlyCount "84"]
[EventDate "2010.??.??"]

1. d4 Nf6 2. c4 e6 3. Nc3 Bb4 4. e3 c5 5. Bd3 d5 6. cxd5 exd5 7. Nge2 O-O 8. a3
Bxc3+ 9. bxc3 c4 10. Bc2 Bg4 11. f3 Bh5 12. Nf4 Bg6 13. Nxg6 hxg6 14. O-O Nbd7
15. e4 b5 16. Bg5 Qb6 17. exd5 Nxd5 18. Qd2 Qa5 19. Be4 N7b6 20. Qc2 Rae8 21.
Bd2 Re6 22. Bxd5 Nxd5 23. a4 Re2 24. axb5 Qxb5 25. Rf2 Rfe8 26. Qa4 Qb2 27. Qa2
Qb8 28. Qxc4 Rxf2 29. Kxf2 Nf4 30. Re1 Rxe1 31. Bxe1 Qb2+ 32. Kg3 g5 33. Qc8+
Kh7 34. Qf5+ Kh6 35. Bf2 g6 36. Qe5 Kh7 37. Qe3 a5 38. c4 Qc2 39. c5 a4 40. h4
Qf5 41. Qe4 gxh4+ 42. Kh2 Qg5 0-1

[Event "Mechanics' Spring TNM; 30/90, SD/30"]
[Site "San Francisco"]
[Date "2010.03.16"]
[Round "1.15"]
[White "Mar, Henry"]
[Black "Manvelyan, Hovik"]
[Result "0-1"]
[WhiteElo "1500"]
[BlackElo "1959"]
[PlyCount "76"]
[EventDate "2010.??.??"]

1. e4 e5 2. Nf3 Nf6 3. d3 Nc6 4. Bg5 h6 5. Bh4 Bc5 6. Nc3 d6 7. Nd5 g5 8. Bg3
Be6 9. Ne3 Qd7 10. Be2 O-O-O 11. h3 Rdg8 12. a3 h5 13. Qd2 h4 14. Bh2 Nh5 15.
Nd5 Bxd5 16. exd5 Nd4 17. Nxd4 Bxd4 18. Bg4 f5 19. Bxh5 Rxh5 20. O-O-O Qf7 21.
c3 Bb6 22. c4 f4 23. Kb1 g4 24. g3 hxg3 25. fxg3 Be3 26. Qe2 Rxh3 27. gxf4 exf4
28. Rdf1 Qg7 29. Bxf4 Rxh1 30. Rxh1 Bxf4 31. Qe6+ Kb8 32. Re1 a6 33. Rf1 Rf8
34. Qe4 g3 35. Rg1 Be5 36. Rg2 Rf2 37. d4 Rxg2 38. Qxg2 Bxd4 0-1

[Event "Mechanics' Spring TNM; 30/90, SD/30"]
[Site "San Francisco"]
[Date "2010.04.27"]
[Round "7.22"]
[White "Mar, Henry"]
[Black "Standen, Julian"]
[Result "0-1"]
[WhiteElo "1500"]
[BlackElo "1714"]
[PlyCount "42"]
[EventDate "2010.??.??"]

1. e4 c6 2. d4 d5 3. Nd2 dxe4 4. Nxe4 Nd7 5. Bc4 Ngf6 6. Ng5 e6 7. Qe2 Nb6 8.
Bb3 Bd6 9. N1f3 h6 10. Ne4 Nxe4 11. Qxe4 a5 12. a3 a4 13. Ba2 O-O 14. c3 Nd7
15. Bxh6 $2 Nf6 16. Qh4 gxh6 17. Qxh6 Nh7 18. Bb1 f5 19. Qg6+ Kh8 20. Qh5 Qe8
21. Qh6 Rg8 0-1

[Event "Mechanics' Spring TNM; 30/90, SD/30"]
[Site "San Francisco"]
[Date "2010.03.30"]
[Round "3.22"]
[White "Montoya, Daniel"]
[Black "Litowsky, Daniel"]
[Result "1/2-1/2"]
[WhiteElo "1409"]
[BlackElo "1700"]
[PlyCount "94"]
[EventDate "2010.??.??"]

1. e4 e5 2. Nf3 Nc6 3. d4 exd4 4. Nxd4 Bc5 5. Nxc6 bxc6 6. Nc3 Qf6 7. Qd2 a5 8.
Bd3 Ne7 9. O-O d6 10. Na4 Ba7 11. c4 Ng6 12. Rb1 O-O 13. b3 Ne5 14. Bb2 Re8 15.
Kh1 Qh4 16. f3 Re6 17. Bc2 Rh6 18. g3 Qxg3 19. Qg2 Qxg2+ 20. Kxg2 Bh3+ 21. Kg3
Bxf1 22. Rxf1 Re8 23. f4 Ng6 24. Bc1 Nf8 25. f5 Rh5 26. Bd1 g6 27. Bxh5 gxh5
28. Rf4 Bd4 29. Rh4 Nd7 30. Rxh5 Rxe4 31. Rg5+ Kf8 32. Rh5 Nf6 33. Rh4 Be5+ 34.
Kh3 Rxh4+ 35. Kxh4 Bxh2 36. Bd2 Ke7 37. Bxa5 Kd7 38. Bc3 Ne4 39. Bd4 c5 40. Be3
Be5 41. Bc1 Bf6+ 42. Kh5 Bg7 43. Bb2 f6 44. Nc3 Nxc3 45. Bxc3 Kc6 46. Bd2 d5
47. cxd5+ Kxd5 {The scoresheets fizzle out here.} 1/2-1/2

[Event "Mechanics' Spring TNM; 30/90, SD/30"]
[Site "San Francisco"]
[Date "2010.04.20"]
[Round "6.25"]
[White "Montoya, Daniel"]
[Black "Mar, Henry"]
[Result "0-1"]
[WhiteElo "1409"]
[BlackElo "1500"]
[PlyCount "62"]
[EventDate "2010.??.??"]

1. e4 c5 2. d4 cxd4 3. c3 dxc3 4. Nxc3 Nc6 5. Nf3 d6 6. Bc4 Nf6 7. O-O g6 8.
Ng5 e6 9. Qe2 Bg7 10. Rd1 O-O 11. Nf3 a6 12. e5 Ne8 13. exd6 Nxd6 14. Ne4 Qc7
15. Nxd6 Rd8 16. Nxc8 Raxc8 17. Be3 b5 18. Bb3 Na5 19. Rac1 Qb7 20. Nd4 Nc4 21.
Bxc4 bxc4 22. Rxc4 Rxc4 23. Qxc4 Qxb2 24. Rd2 Qa1+ 25. Qf1 Qc3 26. Nf3 Rc8 27.
Rd1 Qa3 28. Rc1 Rb8 29. Qc4 h6 30. Bc5 Qb2 31. Qc2 Qxc2 0-1

[Event "Mechanics' Spring TNM; 30/90, SD/30"]
[Site "San Francisco"]
[Date "2010.03.30"]
[Round "3.14"]
[White "Nelson, Christopher"]
[Black "Chen, Mingson"]
[Result "0-1"]
[WhiteElo "1648"]
[BlackElo "1923"]
[PlyCount "54"]
[EventDate "2010.??.??"]

1. e4 e6 2. d4 d5 3. Nc3 Nf6 4. Bd3 c5 5. Bb5+ Nc6 6. e5 Nd7 7. Bxc6 bxc6 8.
Nf3 cxd4 9. Qxd4 Ba6 10. Bg5 Qb6 11. Qxb6 axb6 12. a3 h6 13. Bf4 Be7 14. Nd4
Rc8 15. b4 c5 16. bxc5 Bxc5 17. Ndb5 d4 18. Na7 dxc3 19. Nxc8 Bxc8 20. O-O Bb7
21. Rfd1 Ke7 22. Rd3 Ba6 23. Rxc3 Bd4 24. Rg3 Bxa1 25. c3 b5 26. Be3 Bxc3 27.
Bxh6 Bxe5 0-1

[Event "Mechanics' Spring TNM; 30/90, SD/30"]
[Site "San Francisco"]
[Date "2010.03.16"]
[Round "1.11"]
[White "Nelson, Christopher"]
[Black "Gaffagan, Steven"]
[Result "1-0"]
[WhiteElo "1648"]
[BlackElo "2020"]
[PlyCount "62"]
[EventDate "2010.??.??"]

1. e4 c5 2. d4 cxd4 3. Nf3 e6 4. Nxd4 a6 5. Be3 Nf6 6. Nd2 d5 7. e5 Nfd7 8. f4
Nc6 9. N2b3 Be7 10. c3 O-O 11. Bd3 Nxd4 12. Nxd4 Nc5 13. Bc2 f6 14. Qe2 Bd7 15.
b4 Ne4 16. Bxe4 dxe4 17. O-O f5 18. Rfd1 Qc7 19. Qe1 Rfd8 20. a4 Qc4 21. Nc2
Rac8 22. Bb6 Re8 23. Rxd7 Qc6 24. Rxe7 Qxb6+ 25. Kh1 Rxe7 26. Qh4 Rd7 27. a5
Qd8 28. Qe1 Rd3 29. Nd4 Qd5 30. Qh4 Rdxc3 31. Rd1 Qxd4 1-0

[Event "Mechanics' Spring TNM; 30/90, SD/30"]
[Site "San Francisco"]
[Date "2010.04.20"]
[Round "6.23"]
[White "Nelson, Christopher"]
[Black "Olson, David"]
[Result "0-1"]
[WhiteElo "1648"]
[BlackElo "1471"]
[PlyCount "57"]
[EventDate "2010.??.??"]

1. e4 e5 2. f4 exf4 3. Nf3 Bb4 4. Bc4 Qf6 5. c3 Ba5 6. O-O Ne7 7. d4 Ng6 8. Na3
d6 9. Qa4+ Nc6 10. d5 Bb6+ 11. Kh1 Bd7 12. dxc6 Bxc6 13. Bb5 Bxb5 14. Nxb5 O-O
15. Nbd4 Rfe8 16. Nf5 Re6 17. Qc2 Rae8 18. h4 Rxe4 19. g4 Re2 20. Bd2 Ne5 21.
Ng5 g6 22. Ne4 Qd8 23. Nh6+ Kg7 24. g5 Qd7 25. Nf2 Bxf2 26. Nf5+ gxf5 27. Rxf2
Rxf2 28. Qd1 Nf3 29. Bxf4 0-1